Midosuji Line - All Stations - Osaka Japan - Statistics

General Stats
  • This quiz has been taken 97 times
  • The average score is 12 of 20
Answer Stats
Station Number Station % Correct
M16 Umeda
96%
M20 Namba
90%
M19 Shinsaibashi
87%
M18 Hommachi
82%
M23 Tennōji
79%
M13 Shin-Ōsaka
73%
M30 Nakamozu
70%
M22 Dōbutsuen-mae
67%
M17 Yodoyabashi
66%
M21 Daikokucho
58%
M11 Esaka
58%
M15 Nakatsu
58%
M26 Nagai
51%
M27 Abiko
48%
M14 Nishinakajima- Minamigata
48%
M24 Shōwachō
37%
M12 Higashi Mikuni
36%
M29 Shinkanaoka
34%
M25 Nishitanabe
31%
M28 Kitahanada
30%
No matching quizzes found
Score Distribution
Percent of People with Each Score
Percentile by Number Answered
Your Score History
You have not taken this quiz